| 000 | 00611nam a2200193 i 4500 | ||
|---|---|---|---|
| 001 | 97990 | ||
| 003 | ES-MaACL | ||
| 005 | 20251222184441.0 | ||
| 007 | t| | ||
| 008 | 050721s1968 sp ||||1| spa d | ||
| 100 | 1 |
_aMarlé, René. _976933 |
|
| 245 | 1 | 0 |
_aDietrich Bonhoeffer _b: testigo de Jesucristo entre sus hermanos / _cRené Marlé; [versión española por A. Morales]. |
| 260 |
_aBilbao : _bMensajero, _c1968. |
||
| 300 |
_a222 p. ; _c19 cm. |
||
| 600 | 1 | 4 |
_aBonhoeffer, Dietrich, _d1906-1945 _930163 |
| 700 | 1 |
_aMorales, A. _982969 |
|
| 852 |
_aES-MaACL _jC-51456 _bR.66701 |
||
| 999 |
_c97990 _d97990 |
||